Southville International School and Colleges
Your cart is empty.
  • Cart
  • Lists
    Public lists Eva Luna New books Lux_list list_1
    Your lists Log in to create your own lists
  • Log in to your account
  • Your cookies
  • Search history
Southville International School and Colleges
  • Advanced search
  • Recent comments
  • Most popular
  • Libraries

Log in to your account

Log in with GOOGLE


If you do not have an external account, but do have a local account, you can still log in:

  1. Home
  2. MARC view: The hunted /
Normal view MARC view ISBD view

The hunted / (Record no. 42832)

[ view plain ]
MARC details
000 -LEADER
fixed length control field 00437nam a2200181Ia 4500
008 - FIXED-LENGTH DATA ELEMENTS--GENERAL INFORMATION
fixed length control field 140306s9999 xx 000 0 und d
020 ## - INTERNATIONAL STANDARD BOOK NUMBER
International Standard Book Number 439683866
050 ## - LIBRARY OF CONGRESS CALL NUMBER
Classification number PZ 7
Item number .H412 2004
100 ## - MAIN ENTRY--PERSONAL NAME
Personal name Hay Seek ,
245 #4 - TITLE STATEMENT
Title The hunted /
Statement of responsibility, etc Seek Hay
260 ## - PUBLICATION, DISTRIBUTION, ETC. (IMPRINT)
Place of publication, distribution, etc New York :
Name of publisher, distributor, etc Scholastic Inc.,
Date of publication, distribution, etc c2004.
300 ## - PHYSICAL DESCRIPTION
Extent 24 p. :
Other physical details ill. ;
Dimensions 18 cm.
521 ## - TARGET AUDIENCE NOTE
Target audience note
526 ## - STUDY PROGRAM INFORMATION NOTE
Reading level 540
650 ## - SUBJECT ADDED ENTRY--TOPICAL TERM
Topical term or geographic name as entry element Horror tales.
942 ## - ADDED ENTRY ELEMENTS (KOHA)
Koha item type Books
Holdings
Withdrawn status Lost status Damaged status Home library Current library Shelving location Date acquired Total Checkouts Full call number Barcode Date last seen Price effective from Koha item type
      Munich Library Munich Library Scholastic Reading Center Section 03/07/2014   PZ 7 .H412 2004 MS0466 03/07/2014 03/07/2014 Books

The hunted /

APA

Hay Seek, . (2004). The hunted. New York: Scholastic Inc.

Chicago

Hay Seek, . 2004. The hunted. New York: Scholastic Inc.

Harvard

Hay Seek, . (2004). The hunted. New York: Scholastic Inc.

MLA

Hay Seek, . The hunted. New York: Scholastic Inc. 2004.

  • Place hold
  • Print
  • Cite
  • Add to your cart (remove)
  • Save record
    BIBTEX Dublin Core MARCXML MARC (non-Unicode/MARC-8) MARC (Unicode/UTF-8) MARC (Unicode/UTF-8, Standard) MODS (XML) RIS
  • More searches
    Search for this title in:
    Other Libraries (WorldCat) Other Databases (Google Scholar) Online Stores (Bookfinder.com) Open Library (openlibrary.org)

Exporting to Dublin Core...

SOUTHVILLE LIBRARY

Southville International School and Colleges Library

1281 Tropical Ave. Cor. Luxembourg St., BF Homes International, Las Pinas City

Tel. No. 8256374 / 252358 Loc. 117/146

Powered by Koha